000 00915nam a2200265Ia 4500
003 OSt
005 20220930080750.0
006 a|||||r|||| 00| 0
007 ta
008 220926b |||||||| |||| 00| 0 eng d
024 _a94500
037 _cTheses
040 _aCRL
_cCRL
_beng
041 _2eng
_aeng
100 _aBamrolia Naina R
_9539827
110 _aUniversity of Delhi. Faculty of Medical Sciences. Department of Ophthalmology
_9520086
245 0 _aSurgical outcome of primary iol implantation in children less than two years of age
260 _c2007
650 _aEYE - DISEASES
_9197938
700 _a Prof. Anju Rastogi Gu.
_9539828
700 _a Prof. Kamlesh Gu.
_9539829
700 _aUniversity of Delhi. Faculty of Medical Sciences. Department of Ophthalmology
_9520088
942 _cDIS
_2CC
999 _c870407
_d870407